THE EFFICACY OF “ TULSI PATRA SIDDHA TAIL NAYA ON PRATISHYAND. (Record no. 498557)

MARC details
000 -LEADER
fixed length control field 00443pam a2200157a 44500
008 - FIXED-LENGTH DATA ELEMENTS--GENERAL INFORMATION
fixed length control field 230515b2013 xxu||||| |||| 00| 0 eng d
020 ## - INTERNATIONAL STANDARD BOOK NUMBER
International Standard Book Number NULL
041 ## - LANGUAGE CODE
Language code of text/sound track or separate title ENGLISH
082 ## - DEWEY DECIMAL CLASSIFICATION NUMBER
Classification number 1
100 ## - MAIN ENTRY--PERSONAL NAME
Personal name GAJANAN BALKRISHNA PATIL
245 ## - TITLE STATEMENT
Title THE EFFICACY OF “ TULSI PATRA SIDDHA TAIL NAYA ON PRATISHYAND.
250 ## - EDITION STATEMENT
Edition statement 1
260 ## - PUBLICATION, DISTRIBUTION, ETC.
Place of publication, distribution, etc.
Name of publisher, distributor, etc. N.D.
Date of publication, distribution, etc. 2013
300 ## - PHYSICAL DESCRIPTION
Extent 500
650 ## - SUBJECT ADDED ENTRY--TOPICAL TERM
Topical term or geographic name entry element THE EFFICACY OF “ TULSI PATRA SIDDHA TAIL NAYA ON PRATISHYAND.
Holdings
Withdrawn status Lost status Damaged status Not for loan Home library Current library Shelving location Date acquired Source of acquisition Cost, normal purchase price Total Checkouts Full call number Barcode Date last seen Price effective from Koha item type
        College of Ayurved, Pune College of Ayurved, Pune   26/09/2013 N/A 1.00   1 ACP-DIS-424 28/06/2023 28/06/2023 Book